00325nam a2200133Ia 4500008004100000020001400041041001200055082001600067100001900083245003100102260003800133300000800171650001200179221030s9999 xx 000 0 und d a019567570 aEnglish a105.23bMen aK. P. K. Menon 0aContemporary English Prose bOxfor UniversityaNew Delhic1997 a164 aEnglish